A szociológiai szingularitás vallomásáról Lukács György: Megélt gondolkodás - életrajz magnószalagon
Elmentve itt :
| Szerző: | |
|---|---|
| Adatforrás: | Philobibl |
| Forrásdokumentuma: | Új Írás 30.1990:5. 125-128. p. |
| Dokumentumtípus: | Cikk |
| Nyelv: | magyar |
| Kulcsszavak: | Lukács György filozófia, marxista szociológia |
| Online elérés: | előfizetéssel hozzáférhető |
| LEADER | 00584nab a2200145 c 4500 | ||
|---|---|---|---|
| 001 | bibDOK00016415 | ||
| 005 | 20221103122613.8 | ||
| 008 | 060518s1990 hu hun | ||
| 100 | 1 | |a Kiss Endre | |
| 245 | 1 | 2 | |a A szociológiai szingularitás vallomásáról |b Lukács György: Megélt gondolkodás - életrajz magnószalagon |c Kiss Endre |
| 695 | |a Lukács György | ||
| 695 | |a filozófia, marxista | ||
| 695 | |a szociológia | ||
| 773 | 0 | |t Új Írás |g 30.1990:5. 125-128. p. | |
| 856 | 4 | 1 | |3 Full text |u https://adt.arcanum.com/hu/view/UjIras_1990_1/?pg=654&layout=s#page=655 |z előfizetéssel hozzáférhető |